000 00683nam a22002055i 4500
001 164547
003 ES-MaACL
005 20231229063050.0
008 940615s1885 sp |||| | spa d
040 _aCAM
_bspa
080 _a348.715
100 1 _aSánchez, Miguel,
_d1833-1889
_9102411
245 1 3 _aEl Regalismo
_b: cartas al Sr. Fernández Montaña /
_cpor Miguel Sánchez.
260 _aMadrid :
_b[s.n.],
_c1885 (
_fImp. de E. La Riva)
300 _a126 p. ;
_c22 cm.
650 4 _aRegalías.
_9144752
700 2 _aFernández Montaña, José.
_949934
852 _aES-MaACL
_jT-427-F-11
_z-- Enc. hol.
_z-- Enc. en un vol. facticio
999 _c164547
_d164547